banner-ar

قاموس الياس الجامعى عربى- انجليزى / (Record no. 59733)

MARC details
000 -الفاتح
حقل البيانات ثابتة الطول 00550nam a2200169Ia 4500
008 - عناصر البيانات ثابتة الطول - معلومات عامة
حقل البيانات ثابتة الطول 140319s9999 xx 000 0 ara d
040 ## - مصدر الفهرسة
وكالة الفهرسة الأصلية GCL /
وكالة النسخ GCL
082 04 - رقم تصنيف ديوى العشرى
رقم التصنيف 423
رقم المادة اق
100 1# - المدخل الرئيسى - إسم شخصى
الإسم الشخصى ادوار الياس الياس
245 10 - بيان العنوان
العنوان قاموس الياس الجامعى عربى- انجليزى /
بيان المسئوليه,etc ادوار الياس الياس
300 ## - الوصف المادى
التعداد 836 ص
650 04 - المدخل الاضافى بالموضوع-مصطلح موضوعى
مصطلح موضوعي عربى\انجليزى
650 04 - المدخل الاضافى بالموضوع-مصطلح موضوعى
مصطلح موضوعي المعاجم
942 ## - عناصر المدخل الإضافي( كوها)
مصدر التصنيف او مخطط الترفيف Dewey Decimal Classification
Koha [default] item type المراجع
260 ## - PUBLICATION, DISTRIBUTION, ETC. (IMPRINT)
-- [S.N] :
-- دار الياس العصرية للطباعه والنشر
Holdings
حالة التراجع حالة الفقد حالة تلف ليس للاعارة المكان المؤقت الموقع الحالى تاريخ الاكتساب اجمالي اﻻعارات رقم الطلب الباركود تاريخ اخر مشاهدة تاريخ تفعيل السعر نوع وعاء كوها
        مكتبة القاهرة الكبرى مكتبة القاهرة الكبرى 03/26/2014   423\اق 158581 03/26/2014 03/26/2014 المراجع
        مكتبة القاهرة الكبرى مكتبة القاهرة الكبرى 03/26/2014   423\اق 158582 03/26/2014 03/26/2014 المراجع

Powered By

EGPV